000 00505nam a2200169Ia 4500
003 OSt
005 20200602142235.0
008 190216s9999||||xx |||||||||||||| ||und||
020 _a8185395004
040 _coclc
082 _a333.320954
_bMOR/A
100 _aMoreland, W H
_92437
245 4 _aThe Agrarian System Of Moslem India /
_cW H Moreland
260 _bLow Price Publications,
_c1990.
_aDelhi:
300 _a296p
942 _cBK
_2ddc
_h333.320954
_iMOR/A
_k333.320954
_mMOR/A
999 _c20444
_d20444